[Event "Open Marianske Lazne 2015 - C - open"]
[Site "Marianske Lazne CZE"]
[Date "2015.01.24"]
[Round "9.14"]
[White "Jennewein, Norbert"]
[Black "Luczak, Filip"]
[Result "1-0"]
[WhiteElo "1851"]
[BlackElo "1535"]
[PlyCount "98"]
[EventDate "2015.01.17"]
[EventType "swiss"]
[EventRounds "9"]
[EventCountry "CZE"]
[Source "lmi"]
[SourceDate "2015.01.17"]

1. d4 Nf6 2. Nf3 e6 3. Bf4 b6 4. e3 Bb7 5. Bd3 Be7 6. h3 Ne4 7. Nbd2 f5 8. O-O
d6 9. Bc4 g5 10. Nxe4 gxf4 11. Bxe6 Bc8 12. Bxc8 Qxc8 13. Nc3 fxe3 14. Qe2 Rg8
15. fxe3 f4 16. Kh1 fxe3 17. Qxe3 Qf5 18. Rae1 Nc6 19. d5 Ne5 20. Nxe5 Qxe5 21.
Qxe5 dxe5 22. Rxe5 Kd8 23. Rf7 Bd6 24. Re2 Rf8 25. Rxf8+ Bxf8 26. g4 Kd7 27.
Ne4 Be7 28. Kg2 Re8 29. Rf2 Rg8 30. Nf6+ Bxf6 31. Rxf6 Rg7 32. c4 h5 33. Kf3
hxg4+ 34. hxg4 Re7 35. Re6 Rf7+ 36. Kg3 Rf1 37. Re2 Kd6 38. g5 Rf8 39. Kg4 Kc5
40. b3 b5 41. cxb5 Kxd5 42. g6 Kd6 43. Kg5 c6 44. bxc6 Kxc6 45. g7 Rg8 46. Kg6
Kb5 47. Kf7 Rxg7+ 48. Kxg7 a5 49. Re4 Kc6 1-0

[Event "Open Marianske Lazne 2015 - C - open"]
[Site "Marianske Lazne CZE"]
[Date "2015.01.24"]
[Round "9.15"]
[White "Dwilewicz, Agata"]
[Black "Svec, Jan"]
[Result "1-0"]
[WhiteElo "1535"]
[BlackElo "1800"]
[PlyCount "49"]
[EventDate "2015.01.17"]
[EventType "swiss"]
[EventRounds "9"]
[EventCountry "CZE"]
[Source "lmi"]
[SourceDate "2015.01.17"]

1. e4 b6 2. d4 Bb7 3. Nc3 e6 4. Nf3 Bb4 5. Bd3 d5 6. exd5 Bxd5 7. O-O Ne7 8.
Nxd5 Nxd5 9. c4 Nf6 10. Qa4+ Qd7 11. Qxb4 a5 12. Qc3 Nc6 13. Ne5 Nxe5 14. dxe5
Ng4 15. Be2 Nh6 16. Bxh6 gxh6 17. Bf3 O-O-O 18. c5 Kb8 19. cxb6 cxb6 20. Rad1
Qe7 21. Qc6 Qa7 22. Rxd8+ Rxd8 23. Rc1 h5 24. h4 h6 25. Kh2 1-0

[Event "Open Marianske Lazne 2015 - C - open"]
[Site "Marianske Lazne CZE"]
[Date "2015.01.24"]
[Round "9.16"]
[White "Dolezal, Rudolf"]
[Black "Lotz, Kolja Alecsander"]
[Result "1-0"]
[WhiteElo "1777"]
[BlackElo "1603"]
[PlyCount "65"]
[EventDate "2015.01.17"]
[EventType "swiss"]
[EventRounds "9"]
[EventCountry "CZE"]
[Source "lmi"]
[SourceDate "2015.01.17"]

1. c4 Nf6 2. Nc3 b6 3. e4 e5 4. g3 Bb7 5. Bg2 d6 6. Nge2 Nbd7 7. O-O Be7 8. d3
O-O 9. f4 exf4 10. Nxf4 Ne5 11. b3 Nfd7 12. d4 Ng6 13. Nfd5 c6 14. Nxe7+ Qxe7
15. Ba3 c5 16. Nd5 Bxd5 17. exd5 Qe3+ 18. Kh1 Rae8 19. Re1 Qf2 20. Rf1 Qe3 21.
Bb2 f5 22. Bh3 Qe4+ 23. Qf3 Qc2 24. Rf2 Qe4 25. Raf1 cxd4 26. Bxf5 Qxf3+ 27.
Rxf3 Nde5 28. Be6+ Kh8 29. Rxf8+ Nxf8 30. Bxd4 Nfd7 31. Bxd7 Nxd7 32. Rf7 Rd8
33. Rxg7 1-0

[Event "Open Marianske Lazne 2015 - C - open"]
[Site "Marianske Lazne CZE"]
[Date "2015.01.24"]
[Round "9.17"]
[White "Bardin, Christian"]
[Black "Ruzicka, Tomas"]
[Result "0-1"]
[WhiteElo "1676"]
[BlackElo "1764"]
[PlyCount "70"]
[EventDate "2015.01.17"]
[EventType "swiss"]
[EventRounds "9"]
[EventCountry "CZE"]
[Source "lmi"]
[SourceDate "2015.01.17"]

1. e4 e5 2. Nf3 Nf6 3. Nc3 Nc6 4. Bb5 Bd6 5. O-O a6 6. Bc4 Na5 7. Bb3 Nxb3 8.
axb3 O-O 9. d3 c6 10. h3 Qc7 11. Be3 Be7 12. Na4 c5 13. Nc3 d6 14. Ne2 Ne8 15.
Ng3 f5 16. exf5 Bxf5 17. Nxf5 Rxf5 18. Ra4 Qd7 19. Nh4 Rf7 20. Nf3 Nf6 21. Ng5
Rff8 22. Ne4 Nd5 23. Bg5 Rf7 24. Qd2 Raf8 25. Bxe7 Qxe7 26. Qg5 Qd7 27. Ng3 Nf4
28. Re4 Rf6 29. Qg4 Qc6 30. Qd1 Rg6 31. Qe1 h5 32. Rxf4 Rxf4 33. f3 h4 34. Ne2
Rxf3 35. Kh1 Rxh3+ 0-1

[Event "Open Marianske Lazne 2015 - C - open"]
[Site "Marianske Lazne CZE"]
[Date "2015.01.24"]
[Round "9.18"]
[White "Rychtecky, Pavel"]
[Black "Klucznik, Andre"]
[Result "0-1"]
[WhiteElo "1635"]
[BlackElo "1782"]
[PlyCount "64"]
[EventDate "2015.01.17"]
[EventType "swiss"]
[EventRounds "9"]
[EventCountry "CZE"]
[Source "lmi"]
[SourceDate "2015.01.17"]

1. e4 c5 2. Nf3 g6 3. d4 Bg7 4. Be3 cxd4 5. Bxd4 Qa5+ 6. Qd2 Qxd2+ 7. Nbxd2
Bxd4 8. Nxd4 Nc6 9. c3 Nf6 10. Be2 d6 11. O-O O-O 12. f4 Bd7 13. h3 Rac8 14.
Rac1 a6 15. Bd3 Rc7 16. g4 Rfc8 17. Nxc6 Rxc6 18. Kh2 b5 19. g5 Nh5 20. Be2 Ng7
21. h4 b4 22. c4 Be6 23. b3 d5 24. exd5 Bxd5 25. Bg4 Be6 26. Bf3 R6c7 27. Rfe1
Rd8 28. Ne4 Rd3 29. Kg2 Nf5 30. Rh1 Rcd7 31. Be2 Re3 32. Kf2 Rxe4 0-1